| 000 | 00457cam a2200181ua 4500 | ||
|---|---|---|---|
| 001 | 4235 | ||
| 008 | 111221n ii |||gr||||Z||||||asm | ||
| 040 | _cMAIN | ||
| 082 | _a891.4513 | ||
| 100 | 1 | _aBhattacharyya, Chakreswar, | |
| 245 | 1 | 1 |
_aRajpathar shil _cby Chakreswar Bhattacharyya |
| 250 | _a1st. | ||
| 260 |
_aGuwahati: _bUniversity book service. |
||
| 300 | _a39p:5cm. | ||
| 653 | _aAssamese short stories | ||
| 653 | _aRajpathar shil | ||
| 942 | _cBK | ||
| 999 |
_c4056 _d4056 |
||